Risk issues and crisis management in public relations / (Record no. 9765)
[ view plain ]
| 000 -LEADER | |
|---|---|
| fixed length control field | 01068nac a22002891u 4500 |
| 010 ## - LIBRARY OF CONGRESS CONTROL NUMBER | |
| LC control number | 2008006549 |
| 020 ## - INTERNATIONAL STANDARD BOOK NUMBER | |
| International Standard Book Number | 9780749451073 |
| 082 00 - DEWEY DECIMAL CLASSIFICATION NUMBER | |
| Classification number | 658.4056 |
| Item number | REG |
| 090 ## - LOCALLY ASSIGNED LC-TYPE CALL NUMBER (OCLC); LOCAL CALL NUMBER (OCLC) | |
| -- | 9765 |
| -- | 9765 |
| 100 ## - MAIN ENTRY--PERSONAL NAME | |
| Personal name | Regester, Michael. |
| 245 10 - TITLE STATEMENT | |
| Title | Risk issues and crisis management in public relations / |
| Statement of responsibility, etc | Michael Regester and Judy Larkin. |
| 250 ## - EDITION STATEMENT | |
| Edition statement | 4th ed. |
| 260 ## - PUBLICATION, DISTRIBUTION, ETC. (IMPRINT) | |
| Place of publication, distribution, etc | India ; |
| -- | Crest Publishing House: |
| Name of publisher, distributor, etc | Kogan Page,c.2003. |
| Date of publication, distribution, etc | c.2003. |
| 300 ## - PHYSICAL DESCRIPTION | |
| Extent | 208p; |
| Dimensions | 22cm. |
| 500 ## - GENERAL NOTE | |
| General note | Rev. ed. of: Risk issues and crisis management, 2005. |
| 500 ## - GENERAL NOTE | |
| General note | Distributer: Al-Ahram. |
| 504 ## - BIBLIOGRAPHY, ETC. NOTE | |
| Bibliography, etc | Includes bibliographical references and index. |
| 511 ## - PARTICIPANT OR PERFORMER NOTE | |
| Participant or performer note | Catalogued By: Mahitab. |
| 650 #0 - SUBJECT ADDED ENTRY--TOPICAL TERM | |
| Topical term or geographic name as entry element | Issues management. |
| 650 #0 - SUBJECT ADDED ENTRY--TOPICAL TERM | |
| Topical term or geographic name as entry element | Social responsibility of business. |
| 650 #0 - SUBJECT ADDED ENTRY--TOPICAL TERM | |
| Topical term or geographic name as entry element | Crisis management. |
| 650 #0 - SUBJECT ADDED ENTRY--TOPICAL TERM | |
| Topical term or geographic name as entry element | Public relations. |
| 700 1# - ADDED ENTRY--PERSONAL NAME | |
| Personal name | Larkin, Judy. |
| 700 1# - ADDED ENTRY--PERSONAL NAME | |
| Personal name | Regester, Michael. |
| 942 ## - ADDED ENTRY ELEMENTS (KOHA) | |
| Item type | Book - Borrowing |
| Call number prefix | 658.4056REG |
| Withdrawn status | Item status | Damaged status | Not for loan | Home library | Current library | Shelving location | Date acquired | Source of acquisition | Total Checkouts | Total Renewals | Full call number | Barcode | Date last seen | Date last borrowed | Cost, replacement price | Koha item type |
|---|---|---|---|---|---|---|---|---|---|---|---|---|---|---|---|---|
| Central Library | Central Library | First floor | 04/06/2008 | Purchase | 1 | 2 | 658.4056REG | 000011688 | 15/07/2025 | 12/01/2012 | 318.00 | Book - Borrowing |